000 01607nam a22004097a 4500
003 CHAP
005 20220817044422.0
008 110203s1997 mx r 00010 spa d
010 _a100430
011 _a101402
035 _a112090
040 _cCHAP
082 0 4 _a630.097237
_bR29
245 0 0 _aReporte del viaje de estudios generacional realizado a la comunidad de El Fortín, municipio de Venustiano Carranza. (Michoacán, Méx.).
_c/por José Manuel Arceo Arceo
260 _aChapingo, Méx. :
_bUACH. Departamento de Preparatoria Agrícola. Área de Agronomía,
_c1997
300 _a73 p. :
_bcuadro
500 _aAgronomía IV
500 _aReporte del viaje de estudios del: Grupo 02 Grado 2o.
590 _aBATCH-UPD
_b10
_c20130110
_lUCH01
_h0849
590 _aBATCH-UPD
_b10
_c20130410
_lUCH01
_h0522
590 _aBATCH-UPD
_b10
_c20130913
_lUCH01
_h2227
590 _aBATCH-UPD
_b10
_c20130914
_lUCH01
_h1339
590 _aCONVERSION
_b10
_c20130109
_lUCH01
_h1355
650 1 4 _aAgricultura sustentable.
650 1 4 _aAgricultura
_xInnovaciones tecnológicas.
_91565
650 1 4 _aAgricultura
_xMichoacán.
_91743
650 1 4 _aCultivos
_xRendimiento.
_930318
650 1 4 _aExtensión agrícola.
_939144
650 1 4 _aLabranza.
_964303
650 1 4 _aMedio ambiente
_xProtección.
_974106
700 0 _aArceo Arceo, Jose Manuel.
_96783
901 _aBK
911 _aen proceso
942 _cLIBRO
949 _a630.097237 R29
_bBC
_cLIBRO
_d33724002232876
_eLIBRO
_fc.2
_gDonaciØn
_h114149
_i112090
_sb
949 _a630.097237 R29
_bBC
_cLIBRO
_d33724002232918
_eLIBRO
_gDonaciØn
_h114148
_i112090
_sb
999 _c100430
_d100430